Southville International School and Colleges
Your cart is empty.
  • Cart
  • Lists
    Public lists Eva Luna New books Lux_list list_1
    Your lists Log in to create your own lists
  • Log in to your account
  • Your cookies
  • Search history
Southville International School and Colleges
  • Advanced search
  • Recent comments
  • Most popular
  • Libraries

Log in to your account

Log in with GOOGLE


If you do not have an external account, but do have a local account, you can still log in:

  1. Home
  2. MARC view: The reading workshop :
Normal view MARC view ISBD view

The reading workshop : (Record no. 7284)

[ view plain ]
MARC details
000 -LEADER
fixed length control field 00793nam a22002537a 4500
003 - CONTROL NUMBER IDENTIFIER
control field OSt
005 - DATE AND TIME OF LATEST TRANSACTION
control field 20140310181929.0
008 - FIXED-LENGTH DATA ELEMENTS--GENERAL INFORMATION
fixed length control field 130722t xxu||||| |||| 00| 0 eng d
020 ## - INTERNATIONAL STANDARD BOOK NUMBER
International Standard Book Number 0439444047
050 ## - LIBRARY OF CONGRESS CALL NUMBER
Classification number LB 1573
Item number .Or66 2003
082 ## - DEWEY DECIMAL CLASSIFICATION NUMBER
Classification number TRE 372.4
Item number Or3 2003
100 ## - MAIN ENTRY--PERSONAL NAME
Personal name Orehovec, Barbara
9 (RLIN) 2578
245 ## - TITLE STATEMENT
Title The reading workshop :
Remainder of title management, mini-lessons and strategies /
Statement of responsibility, etc Barbara Orehovec, Marybeth Alley
260 ## - PUBLICATION, DISTRIBUTION, ETC. (IMPRINT)
Place of publication, distribution, etc New York :
Name of publisher, distributor, etc Scholastic Professional Books,
Date of publication, distribution, etc c2003.
300 ## - PHYSICAL DESCRIPTION
Extent 160 p.
Other physical details ill. ;
Dimensions 28 cm.
521 ## - TARGET AUDIENCE NOTE
Target audience note
541 ## - IMMEDIATE SOURCE OF ACQUISITION NOTE
-- 1
562 ## - COPY AND VERSION IDENTIFICATION NOTE
Number of copies 1
650 ## - SUBJECT ADDED ENTRY--TOPICAL TERM
Topical term or geographic name as entry element Reading (Elementary)
9 (RLIN) 92
650 ## - SUBJECT ADDED ENTRY--TOPICAL TERM
Topical term or geographic name as entry element Education (Elementary)
9 (RLIN) 83
650 ## - SUBJECT ADDED ENTRY--TOPICAL TERM
Topical term or geographic name as entry element Scholastic reading strategies
9 (RLIN) 2579
650 ## - SUBJECT ADDED ENTRY--TOPICAL TERM
Topical term or geographic name as entry element Teaching strategies
9 (RLIN) 1143
942 ## - ADDED ENTRY ELEMENTS (KOHA)
Source of classification or shelving scheme Library of Congress Classification
Koha item type
Call number prefix
Holdings
Withdrawn status Lost status Source of classification or shelving scheme Damaged status Home library Current library Shelving location Date acquired Total Checkouts Full call number Barcode Date last seen Copy number Price effective from Koha item type
    Library of Congress Classification   Luxembourg Library Luxembourg Library Teachers Reference Section 07/22/2013   LB 1573 .Or66 2003 15625 08/13/2013 1 07/22/2013 Books

The reading workshop :

APA

Orehovec B., . (2003). The reading workshop. New York: Scholastic Professional Books.

Chicago

Orehovec Barbara, . 2003. The reading workshop. New York: Scholastic Professional Books.

Harvard

Orehovec B., . (2003). The reading workshop. New York: Scholastic Professional Books.

MLA

Orehovec Barbara, . The reading workshop. New York: Scholastic Professional Books. 2003.

  • Place hold
  • Print
  • Cite
  • Add to your cart (remove)
  • Save record
    BIBTEX Dublin Core MARCXML MARC (non-Unicode/MARC-8) MARC (Unicode/UTF-8) MARC (Unicode/UTF-8, Standard) MODS (XML) RIS
  • More searches
    Search for this title in:
    Other Libraries (WorldCat) Other Databases (Google Scholar) Online Stores (Bookfinder.com) Open Library (openlibrary.org)

Exporting to Dublin Core...

SOUTHVILLE LIBRARY

Southville International School and Colleges Library

1281 Tropical Ave. Cor. Luxembourg St., BF Homes International, Las Pinas City

Tel. No. 8256374 / 252358 Loc. 117/146

Powered by Koha